Vector Control and Dynamics of AC Drives
Wedi'i Gadw mewn:
| Prif Awdur: | |
|---|---|
| Awduron Eraill: | |
| Fformat: | Anhysbys |
| Iaith: | Saesneg |
| Cyhoeddwyd: |
Oxford, United Kingdom.
Clarendon Press,
1996
|
| Cyfres: | Monographs in Electrical and Electronic Engineering;
41 |
| Pynciau: | |
| Mynediad Ar-lein: | Disponible Online - Cap 1-2 y 4 al 6 |
| Tagiau: |
Ychwanegu Tag
Dim Tagiau, Byddwch y cyntaf i dagio'r cofnod hwn!
|
MARC
| LEADER | 00000 a2200000 4500 | ||
|---|---|---|---|
| 003 | CL-VaPUC | ||
| 005 | 20211027092659.0 | ||
| 008 | 210527b ||||| |||| 00| 0 eng d | ||
| 999 | |c 432816 |d 432814 | ||
| 020 | |a 978-0198564393 | ||
| 040 | |c Pontificia Universidad Católica de Valparaíso | ||
| 082 | |a 631.31042 NOV 1996 | ||
| 100 | |a Novotny, D.W. |9 860631 | ||
| 245 | |a Vector Control and Dynamics of AC Drives | ||
| 260 | |a Oxford, United Kingdom. |b Clarendon Press, |c 1996 | ||
| 300 | |a 440 páginas | ||
| 440 | |a Monographs in Electrical and Electronic Engineering; |v 41 |9 861105 | ||
| 583 | |k Cristina Rojas |c 20210528 | ||
| 650 | 0 | |a Maquinaria eléctrica |9 263627 |x Corriente alterna |x Modelos matemáticos | |
| 650 | 0 | |a Conducción eléctrica |9 401694 |x Modelos matemáticos | |
| 650 | 0 | |a Convertidores de corriente eléctrica |9 260727 | |
| 650 | 0 | |a Principio de orientación de campo (Ingeniería eléctrica) |9 861106 | |
| 700 | |a Lipo, T.A. |9 861107 | ||
| 856 | |u http://bibliografiadigital.pucv.cl.pucv.idm.oclc.org/index.php/bibliotecapucv/catalog/book/519 |y Disponible Online - Cap 1-2 y 4 al 6 | ||
| 942 | |2 ddc |c BK | ||
| 952 | |0 0 |1 0 |2 ddc |4 0 |6 631_310420000000000_NOV_1996 |7 0 |8 A |9 577923 |a BIBING |b BIBING |d 2021-05-27 |e 1 |g 209154.00 |i 5583543 |l 1 |o 631.31042 NOV 1996 |p 5583543 |r 2025-01-20 |s 2023-09-07 |t 1 |v 209154.00 |w 2021-05-27 |y BK |k EIE | ||